Ngữ pháp tiếng Việt Đã được hội đồng thẩm định sách của Bộ giáo dục và Đào tạo giới thiệu làm sách dùng chung cho các trường Đại học sư phạm Tập 1
Guardat en:
| Autor principal: | |
|---|---|
| Altres autors: | |
| Format: | Llibre |
| Idioma: | Vietnamese |
| Publicat: |
H.
Giáo dục
2007
|
| Edició: | Tái bản lần thứ 11 |
| Etiquetes: |
Afegir etiqueta
Sense etiquetes, Sigues el primer a etiquetar aquest registre!
|
| Thư viện lưu trữ: | Mạng thư viện Đại học Đà Nẵng |
|---|
| LEADER | 01008nam a2200301 4500 | ||
|---|---|---|---|
| 001 | 000016334 | ||
| 003 | 12735 | ||
| 005 | 20120904090923.0 | ||
| 008 | 120904s2007 viesd | ||
| 020 | |c 13200 | ||
| 041 | 0 | |a vie | |
| 082 | |a 495.9225 |b DI-B | ||
| 100 | 0 | |a Diệp Quang Ban | |
| 245 | 1 | 0 | |a Ngữ pháp tiếng Việt |b Đã được hội đồng thẩm định sách của Bộ giáo dục và Đào tạo giới thiệu làm sách dùng chung cho các trường Đại học sư phạm |c Diệp Quang Ban; Hoàng Văn Thung |n Tập 1 |
| 250 | |a Tái bản lần thứ 11 | ||
| 260 | |a H. |b Giáo dục |c 2007 | ||
| 300 | |a 164 tr. |c 21 cm. | ||
| 500 | |a ĐTTS ghi: Sách đại học Sư phạm | ||
| 700 | |a Diệp Quang Ban |e chủ biên | ||
| 700 | |a Hoàng Văn Thung | ||
| OWN | |a LSP | ||
| 999 | |a From the UDN01 | ||
| TYP | |a Monograph | ||
| TYP | |a Printed language | ||
| 980 | |a Mạng thư viện Đại học Đà Nẵng | ||